[Event "3. Campeonato de la Unión Europea"]
[Site "Arvier ITA"]
[Date "2007.06.21"]
[Round "7.31"]
[White "De Marco, Walter"]
[Black "Astengo, Corrado"]
[Result "1/2-1/2"]
[WhiteElo "1992"]
[BlackElo "2110"]
[PlyCount "86"]
[EventDate "2007.06.15"]
[EventType "swiss"]
[EventRounds "10"]
[EventCountry "ITA"]
[Source "lmi"]
[SourceDate "2007.06.15"]

1. b3 d5 2. Bb2 Nf6 3. e3 Bf5 4. f4 e6 5. Nf3 Nbd7 6. Be2 Bd6 7. O-O h6 8. Ne5
Qe7 9. d3 O-O-O 10. c4 Rhg8 11. Bf3 Bh7 12. Qe2 g5 13. cxd5 Nxd5 14. Bxd5 exd5
15. Nxd7 Rxd7 16. fxg5 Qxg5 17. Rf2 Bc5 18. Bd4 Bxd4 19. exd4 Re7 20. Qf1 Bxd3
21. Qd1 Qe3 22. Nd2 Qxd4 23. Nf3 Qxf2+ 24. Kxf2 Re2+ 25. Qxe2 Bxe2 26. Kxe2
Rxg2+ 27. Ke3 Kd7 28. a4 Kd6 29. h4 c5 30. Rf1 Rg4 31. h5 Rb4 32. Nd2 Ke6 33.
Rc1 b6 34. Rh1 a6 35. Rh2 Ke5 36. Nf3+ Kf5 37. Nd2 f6 38. Rh1 Kg5 39. Nf3+ Kg4
40. Rh4+ Kf5 41. Rxb4 cxb4 42. Kd4 Ke6 43. Nh4 f5 1/2-1/2

[Event "3. Campeonato de la Unión Europea"]
[Site "Arvier ITA"]
[Date "2007.06.21"]
[Round "7.32"]
[White "Foisor, Mihaela Veronica"]
[Black "Dubois, Martine"]
[Result "1/2-1/2"]
[WhiteElo "1980"]
[BlackElo "2092"]
[PlyCount "40"]
[EventDate "2007.06.15"]
[EventType "swiss"]
[EventRounds "10"]
[EventCountry "ITA"]
[Source "lmi"]
[SourceDate "2007.06.15"]

1. d4 Nf6 2. c4 g6 3. Nc3 d5 4. Nf3 Bg7 5. e3 O-O 6. b4 Bg4 7. h3 Bxf3 8. Qxf3
e5 9. dxe5 Ne4 10. Nxe4 Bxe5 11. Rb1 dxe4 12. Qd1 Qxd1+ 13. Kxd1 Rd8+ 14. Kc2
c6 15. Bb2 Nd7 16. Be2 Bxb2 17. Kxb2 c5 18. b5 Kf8 19. Rhd1 f5 20. Kc3 Nf6
1/2-1/2

[Event "3. Campeonato de la Unión Europea"]
[Site "Arvier ITA"]
[Date "2007.06.21"]
[Round "7.33"]
[White "Bonugli, Carlo"]
[Black "Brunello, Marina"]
[Result "0-1"]
[WhiteElo "2091"]
[BlackElo "1924"]
[PlyCount "64"]
[EventDate "2007.06.15"]
[EventType "swiss"]
[EventRounds "10"]
[EventCountry "ITA"]
[Source "lmi"]
[SourceDate "2007.06.15"]

1. e4 e5 2. Bc4 Bc5 3. Nc3 Nf6 4. f4 Qe7 5. d3 d6 6. f5 c6 7. Qf3 b5 8. Bb3 a5
9. a4 b4 10. Nce2 d5 11. Bg5 dxe4 12. dxe4 Ba6 13. O-O-O Nbd7 14. Ng3 Bd4 15.
N1e2 c5 16. Bd5 Rb8 17. Nxd4 cxd4 18. Nh5 b3 19. Nxg7+ Kf8 20. Bh6 bxc2 21.
Kxc2 d3+ 22. Kb1 Nxd5 23. exd5 Rxb2+ 24. Kxb2 Qb4+ 25. Ka1 Qxa4+ 26. Kb1 Qb3+
27. Ka1 Qc3+ 28. Kb1 Qb3+ 29. Ka1 Qc3+ 30. Kb1 Ke7 31. f6+ Nxf6 32. d6+ Kd7 0-1

[Event "3. Campeonato de la Unión Europea"]
[Site "Arvier ITA"]
[Date "2007.06.21"]
[Round "7.35"]
[White "Scanferla, Paolo"]
[Black "Agrest, Inna"]
[Result "0-1"]
[WhiteElo "1707"]
[BlackElo "2069"]
[PlyCount "76"]
[EventDate "2007.06.15"]
[EventType "swiss"]
[EventRounds "10"]
[EventCountry "ITA"]
[Source "lmi"]
[SourceDate "2007.06.15"]

1. e4 e5 2. Nf3 Nc6 3. Bb5 a6 4. Ba4 Nf6 5. d3 b5 6. Bb3 Bc5 7. c3 Bb6 8. Nbd2
d6 9. Nf1 h6 10. Ng3 O-O 11. O-O Kh8 12. Qe2 Qe8 13. h3 Ne7 14. Nh4 Be6 15. Bc2
Ng6 16. Ngf5 d5 17. g4 Nh7 18. Kh2 Qd8 19. Ng2 dxe4 20. Rg1 exd3 21. Bxd3 Bd5
22. Be3 Bxe3 23. Qxe3 Re8 24. Be4 Bxe4 25. Qxe4 Ng5 26. Qe3 e4 27. Ne1 Ne5 28.
Rg3 Qf6 29. Kg2 Rad8 30. h4 Ngf3 31. Qf4 Nxh4+ 32. Kh1 Neg6 33. Qxc7 Nxf5 34.
gxf5 Qxf5 35. Ng2 Qxf2 36. Rg1 Rc8 37. Qa5 Qxg3 38. Qxa6 Qh3# 0-1

[Event "3. Campeonato de la Unión Europea"]
[Site "Arvier ITA"]
[Date "2007.06.21"]
[Round "7.36"]
[White "Agrest, Roman"]
[Black "Colombrini, Adolfo"]
[Result "0-1"]
[WhiteElo "2161"]
[BlackElo "1972"]
[PlyCount "36"]
[EventDate "2007.06.15"]
[EventType "swiss"]
[EventRounds "10"]
[EventCountry "ITA"]
[Source "lmi"]
[SourceDate "2007.06.15"]

1. b4 e5 2. Bb2 Bxb4 3. Bxe5 Nf6 4. e3 O-O 5. Nf3 d5 6. c4 c5 7. cxd5 Nxd5 8.
Be2 Nc6 9. Bb2 Re8 10. O-O Bf5 11. d3 Qe7 12. Nbd2 Nf4 13. e4 Bg4 14. Nb3 Rad8
15. Nc1 Nxe2+ 16. Qxe2 c4 17. h3 Bxf3 18. gxf3 c3 0-1

[Event "3. Campeonato de la Unión Europea"]
[Site "Arvier ITA"]
[Date "2007.06.21"]
[Round "7.37"]
[White "Antoniacci, Riccardo"]
[Black "Calandri, Fausto"]
[Result "0-1"]
[WhiteElo "1995"]
[BlackElo "2144"]
[PlyCount "62"]
[EventDate "2007.06.15"]
[EventType "swiss"]
[EventRounds "10"]
[EventCountry "ITA"]
[Source "lmi"]
[SourceDate "2007.06.15"]

1. e4 d5 2. exd5 Qxd5 3. Nf3 Nf6 4. d4 Bg4 5. Be2 Nc6 6. c4 Qh5 7. O-O O-O-O 8.
Be3 e5 9. Nc3 exd4 10. Nxd4 Nxd4 11. Bxd4 Bxe2 12. Nxe2 c5 13. Qa4 cxd4 14. c5
Qxe2 15. c6 Qa6 16. cxb7+ Qxb7 17. b4 Bd6 18. b5 Kb8 19. Rac1 Rc8 20. Rc6 Rxc6
21. bxc6 Qb6 22. Qc2 Kc7 23. Qc4 Re8 24. Rc1 Re7 25. Qc2 Qa5 26. Qd1 d3 27. Rb1
Kc8 28. g3 d2 29. Qb3 Re1+ 30. Kg2 Rxb1 31. Qxb1 Qd5+ 0-1

[Event "3. Campeonato de la Unión Europea"]
[Site "Arvier ITA"]
[Date "2007.06.21"]
[Round "7.38"]
[White "Brigati, Alessandro"]
[Black "Giacometto, Mario"]
[Result "1-0"]
[WhiteElo "2093"]
[BlackElo "1931"]
[PlyCount "103"]
[EventDate "2007.06.15"]
[EventType "swiss"]
[EventRounds "10"]
[EventCountry "ITA"]
[Source "lmi"]
[SourceDate "2007.06.15"]

1. Nf3 d6 2. d4 g6 3. Bf4 Bg7 4. e3 c6 5. Nbd2 Na6 6. Bc4 Nc7 7. h3 Be6 8. Bd3
Nd5 9. Bh2 b5 10. c3 Nb6 11. O-O Nf6 12. Qe2 O-O 13. Ng5 Bd7 14. f4 h6 15. Ngf3
Na4 16. Rfb1 Nd5 17. Qe1 Qb6 18. Kh1 Rac8 19. e4 Ndxc3 20. bxc3 Nxc3 21. Rc1
Bxd4 22. Nxd4 Qxd4 23. Nf3 Qxd3 24. Rxc3 Qxc3 25. Qxc3 Rc7 26. f5 gxf5 27. exf5
Bxf5 28. Nd4 Bd7 29. Nxb5 Rb7 30. Nxd6 exd6 31. Bxd6 Re8 32. Re1 Re6 33. Rxe6
Bxe6 34. Qf6 Rb1+ 35. Kh2 Rd1 36. Be5 Kf8 37. Qh8+ Ke7 38. Bf6+ Kd6 39. Qd8+
Bd7 40. Qb8+ Kc5 41. Qxa7+ Kd6 42. Qa3+ c5 43. Qe3 Be6 44. a4 Rd5 45. Qxh6 Rf5
46. Qf8+ Kd5 47. Qa8+ Kc4 48. Qe4+ Kb3 49. Be5 c4 50. a5 c3 51. a6 Rf2 52. Bxc3
1-0

[Event "3. Campeonato de la Unión Europea"]
[Site "Arvier ITA"]
[Date "2007.06.21"]
[Round "7.39"]
[White "Gorse, Gerard"]
[Black "Stojanovic, Vojislav"]
[Result "1-0"]
[WhiteElo "2058"]
[BlackElo "1911"]
[PlyCount "83"]
[EventDate "2007.06.15"]
[EventType "swiss"]
[EventRounds "10"]
[EventCountry "ITA"]
[Source "lmi"]
[SourceDate "2007.06.15"]

1. d4 f5 2. c4 Nf6 3. g3 e6 4. Bg2 d5 5. Nh3 c6 6. O-O Be7 7. b3 O-O 8. Bb2 Ne4
9. Nd2 Nd7 10. Nf4 Ndf6 11. Nf3 g5 12. Nd3 Bd7 13. Nfe5 Be8 14. f3 Nd6 15. Qd2
Nd7 16. Rac1 Nxe5 17. dxe5 Nf7 18. cxd5 cxd5 19. Bd4 Bb5 20. Nc5 Bxc5 21. Rxc5
Bc6 22. b4 Qd7 23. Rfc1 Rfc8 24. e3 b6 25. R5c3 Bb5 26. Qc2 Rxc3 27. Qxc3 Bc4
28. a3 Rc8 29. Qb2 Bb5 30. Rc3 Rxc3 31. Qxc3 Bc4 32. e4 fxe4 33. fxe4 Qa4 34.
Qc1 Qb3 35. Qe1 Qd3 36. Qe3 dxe4 37. Qxd3 exd3 38. Bc3 g4 39. Kf2 Nxe5 40. Ke3
Nf7 41. Kd4 e5+ 42. Kxc4 1-0

[Event "3. Campeonato de la Unión Europea"]
[Site "Arvier ITA"]
[Date "2007.06.21"]
[Round "7.41"]
[White "Cross, Ian"]
[Black "Norinkeviciute, Rasa"]
[Result "0-1"]
[WhiteElo "1890"]
[BlackElo "2048"]
[PlyCount "44"]
[EventDate "2007.06.15"]
[EventType "swiss"]
[EventRounds "10"]
[EventCountry "ITA"]
[Source "lmi"]
[SourceDate "2007.06.15"]

1. d4 g6 2. Nf3 Bg7 3. Bf4 d6 4. e3 Nd7 5. Bd3 h6 6. h3 e5 7. Bh2 Ne7 8. c3 a6
9. Nbd2 O-O 10. Qc2 Re8 11. dxe5 dxe5 12. O-O-O Nc6 13. g4 Qe7 14. Bg3 Nc5 15.
Be2 b5 16. Nh4 e4 17. f4 exf3 18. Bxf3 Bb7 19. Rhe1 b4 20. Nb1 a5 21. Ng2 bxc3
22. Nxc3 Nb4 0-1

[Event "3. Campeonato de la Unión Europea"]
[Site "Arvier ITA"]
[Date "2007.06.21"]
[Round "7.42"]
[White "Brunello, Roberta"]
[Black "Cavatorta, Ivan"]
[Result "1-0"]
[WhiteElo "1953"]
[BlackElo "1878"]
[PlyCount "67"]
[EventDate "2007.06.15"]
[EventType "swiss"]
[EventRounds "10"]
[EventCountry "ITA"]
[Source "lmi"]
[SourceDate "2007.06.15"]

1. e4 e6 2. d4 d5 3. e5 b6 4. c3 Qd7 5. f4 g6 6. Nf3 Ba6 7. Bd3 Bxd3 8. Qxd3
Ne7 9. Be3 Nf5 10. Bf2 h5 11. Nbd2 Be7 12. Nf1 Kf8 13. Ng3 Nh4 14. Ne2 Qd8 15.
Nxh4 Bxh4 16. g3 Be7 17. h3 Nc6 18. O-O-O Qd7 19. g4 hxg4 20. hxg4 Kg7 21. Ng3
Rxh1 22. Rxh1 Rh8 23. Rxh8 Kxh8 24. f5 Bg5+ 25. Kb1 gxf5 26. gxf5 f6 27. exf6
Qh7 28. Qb5 exf5 29. Qxc6 f4+ 30. Ka1 Qg6 31. Ne2 Qe4 32. f7 Kg7 33. Qe8 Qe7
34. Qg8+ 1-0

[Event "3. Campeonato de la Unión Europea"]
[Site "Arvier ITA"]
[Date "2007.06.21"]
[Round "7.43"]
[White "Astengo, Marcello"]
[Black "Fox, Pierre"]
[Result "1-0"]
[WhiteElo "2061"]
[BlackElo "1832"]
[PlyCount "71"]
[EventDate "2007.06.15"]
[EventType "swiss"]
[EventRounds "10"]
[EventCountry "ITA"]
[Source "lmi"]
[SourceDate "2007.06.15"]

1. d4 d5 2. c4 dxc4 3. e4 e5 4. d5 Nf6 5. Nc3 b5 6. Bg5 Bb4 7. a4 c6 8. dxc6
Qxd1+ 9. Rxd1 Nxc6 10. Bxf6 gxf6 11. axb5 Na5 12. f4 Bd7 13. Nf3 Bxb5 14. fxe5
fxe5 15. Nxe5 O-O 16. Be2 Rfe8 17. Ng4 Re6 18. O-O Bc6 19. Nf6+ Kg7 20. Nh5+
Kg8 21. Bg4 Rd6 22. Nd5 Bc5+ 23. Kh1 Bxd5 24. exd5 Nb3 25. Be2 Na5 26. Nf6+
Rxf6 27. Rxf6 Rb8 28. d6 Rxb2 29. Bh5 Nb7 30. d7 Nd8 31. Bxf7+ Kg7 32. Rf3 a5
33. Bxc4 Bb6 34. Rb3 Rxb3 35. Bxb3 Kf6 36. Rd6+ 1-0

[Event "3. Campeonato de la Unión Europea"]
[Site "Arvier ITA"]
[Date "2007.06.21"]
[Round "7.44"]
[White "Mazzetta, Renato"]
[Black "Frank, Albert"]
[Result "1-0"]
[WhiteElo "1864"]
[BlackElo "1987"]
[PlyCount "69"]
[EventDate "2007.06.15"]
[EventType "swiss"]
[EventRounds "10"]
[EventCountry "ITA"]
[Source "lmi"]
[SourceDate "2007.06.15"]

1. e4 c5 2. Nc3 Nc6 3. g3 g6 4. Bg2 Bg7 5. d3 e6 6. Nge2 Nge7 7. Be3 Nd4 8. O-O
d5 9. exd5 exd5 10. Bf4 Bg4 11. f3 Bd7 12. Qd2 O-O 13. Rae1 Re8 14. Nxd4 cxd4
15. Nd1 Rc8 16. Be5 Qb6 17. Bxg7 Kxg7 18. Kh1 Nf5 19. c3 Ne3 20. Rf2 dxc3 21.
bxc3 d4 22. c4 Ba4 23. Nxe3 dxe3 24. Qc3+ Kg8 25. Rfe2 Re7 26. Qa3 Rd7 27. Qxa4
Rxd3 28. f4 Qd4 29. Bd5 b5 30. Qxb5 Rd8 31. Qb7 Rxd5 32. Qxd5 Qc3 33. Qe5 Qxc4
34. Rxe3 Qc6+ 35. Qe4 1-0

[Event "3. Campeonato de la Unión Europea"]
[Site "Arvier ITA"]
[Date "2007.06.21"]
[Round "7.45"]
[White "Squarci, Franco"]
[Black "Bisignano, Giuseppe"]
[Result "0-1"]
[WhiteElo "1863"]
[BlackElo "1928"]
[PlyCount "160"]
[EventDate "2007.06.15"]
[EventType "swiss"]
[EventRounds "10"]
[EventCountry "ITA"]
[Source "lmi"]
[SourceDate "2007.06.15"]

1. d4 d5 2. Nf3 g6 3. Bf4 Bg7 4. Nbd2 Nf6 5. e3 Nbd7 6. Bd3 O-O 7. O-O c5 8. c3
b6 9. Ne5 Nh5 10. Nc6 Qe8 11. Bg5 Nhf6 12. e4 dxe4 13. Nxe4 Bb7 14. Bxf6 Nxf6
15. Nxf6+ Bxf6 16. Ne5 Bg7 17. Qe2 Qd8 18. Rad1 Qd5 19. Nf3 cxd4 20. cxd4 e6
21. Bc4 Qf5 22. Ne5 Rac8 23. Bd3 Qf4 24. Bb1 Rfd8 25. g3 Qg5 26. f4 Qe7 27. a3
Rd6 28. Be4 Rcd8 29. Bxb7 Qxb7 30. Qf3 Qxf3 31. Rxf3 Rxd4 32. Rdf1 Rd2 33. R1f2
R8d5 34. Nc6 Bf8 35. b4 a6 36. a4 a5 37. Rxd2 Rxd2 38. Rf2 Rxf2 39. Kxf2 axb4
40. Ke2 Bc5 41. Kd3 Bg1 42. h3 Bh2 43. g4 Bxf4 44. Nxb4 Kf8 45. Kc4 Ke8 46. Kb5
Be3 47. Nc6 f5 48. gxf5 gxf5 49. Ne5 Ke7 50. Nc4 f4 51. Ne5 Kd6 52. Nf3 e5 53.
Kc4 e4 54. Ng5 f3 55. Nxe4+ Ke5 56. Ng3 f2 57. Kd3 Kf4 58. Nf1 Bc5 59. Ke2 h5
60. Nd2 Kg3 61. Ne4+ Kg2 62. Nd2 Kxh3 63. Kf1 h4 64. Ne4 Be3 65. Nd6 Kg4 66.
Nc4 Bd4 67. Nd2 h3 68. a5 bxa5 69. Nf3 a4 70. Nxd4 h2 71. Kxf2 h1=Q 72. Ke3 a3
73. Nc2 a2 74. Ke2 Qb1 75. Kd2 Qxc2+ 76. Kxc2 a1=Q 77. Kd2 Kf4 78. Kc2 Ke4 79.
Kd2 Qb2+ 80. Kd1 Kd3 0-1

[Event "3. Campeonato de la Unión Europea"]
[Site "Arvier ITA"]
[Date "2007.06.21"]
[Round "7.46"]
[White "Cavatorta, Fosco"]
[Black "Di Cio, Enrico"]
[Result "1-0"]
[WhiteElo "1921"]
[BlackElo "1776"]
[PlyCount "83"]
[EventDate "2007.06.15"]
[EventType "swiss"]
[EventRounds "10"]
[EventCountry "ITA"]
[Source "lmi"]
[SourceDate "2007.06.15"]

1. Nf3 Nf6 2. g3 d6 3. Bg2 e5 4. O-O Be7 5. c4 O-O 6. Nc3 c6 7. b4 Be6 8. d3
Nbd7 9. Ng5 Rc8 10. Nxe6 fxe6 11. Bh3 Kf7 12. e4 d5 13. Qb3 d4 14. Bxe6+ Kxe6
15. c5+ Nd5 16. Nxd5 cxd5 17. Qxd5+ Kf6 18. f4 Nxc5 19. fxe5+ Kg6 20. bxc5
Rxf1+ 21. Kxf1 h6 22. Qxd8 Rxd8 23. Rb1 Bxc5 24. Rxb7 Bb6 25. e6 Kf6 26. e7 Re8
27. Ba3 Ke6 28. Ke2 Kf7 29. Rd7 Rc8 30. Rd5 g6 31. Kd2 Kf6 32. Bb4 Kf7 33. a4
a5 34. Ba3 Rb8 35. Rb5 Bc7 36. Rxb8 Bxb8 37. Bc5 Be5 38. Ke2 g5 39. Kf3 h5 40.
h3 Bf6 41. g4 h4 42. Bd6 1-0

[Event "3. Campeonato de la Unión Europea"]
[Site "Arvier ITA"]
[Date "2007.06.21"]
[Round "7.49"]
[White "Motzer, Heinrich"]
[Black "Dritsakos, Sonia"]
[Result "1-0"]
[WhiteElo "2021"]
[BlackElo "1524"]
[PlyCount "55"]
[EventDate "2007.06.15"]
[EventType "swiss"]
[EventRounds "10"]
[EventCountry "ITA"]
[Source "lmi"]
[SourceDate "2007.06.15"]

1. c4 e5 2. Nc3 Nf6 3. g3 d5 4. cxd5 Nxd5 5. Bg2 Nb6 6. d3 Bc5 7. Nf3 Nc6 8.
O-O O-O 9. a3 Qd7 10. b4 Be7 11. b5 Na5 12. Bb2 Bf6 13. Qc2 c6 14. a4 Qg4 15.
Ne4 Re8 16. Qc3 Nac4 17. Nxf6+ gxf6 18. dxc4 Nxc4 19. bxc6 Rd8 20. Rfd1 Nd6 21.
Ba3 Qe6 22. Nh4 bxc6 23. Bxc6 Rb8 24. Bd5 Qg4 25. Qc7 Ba6 26. Bxd6 Rbc8 27.
Qxf7+ Kh8 28. Qxf6+ 1-0

[Event "3. Campeonato de la Unión Europea"]
[Site "Arvier ITA"]
[Date "2007.06.21"]
[Round "7.50"]
[White "Russo, Carmelo"]
[Black "Occhipinti, Massimo"]
[Result "0-1"]
[WhiteElo "1665"]
[BlackElo "2020"]
[PlyCount "80"]
[EventDate "2007.06.15"]
[EventType "swiss"]
[EventRounds "10"]
[EventCountry "ITA"]
[Source "lmi"]
[SourceDate "2007.06.15"]

1. d4 Nf6 2. Nf3 g6 3. g3 Bg7 4. Bg2 O-O 5. O-O d6 6. b3 c6 7. Bb2 Nbd7 8. c4
Re8 9. Nbd2 e5 10. e3 a5 11. a3 Qe7 12. Ng5 h6 13. Nge4 Nxe4 14. Nxe4 f5 15.
Nd2 Nf6 16. dxe5 dxe5 17. Qc2 Nd7 18. a4 Nf8 19. Rad1 c5 20. e4 f4 21. Nf3 g5
22. Rd2 Ng6 23. Rfd1 g4 24. Ne1 f3 25. Bh1 Ra6 26. Ba3 Rc6 27. Nd3 b6 28. Nc1
h5 29. Na2 h4 30. Nc3 hxg3 31. hxg3 Qg5 32. Bc1 Qe7 33. Nd5 Qf7 34. Rd3 Nf8 35.
Qd2 Qh5 36. Qg5 Qf7 37. Qh4 Ne6 38. Bh6 Nd4 39. Bxg7 Qxg7 40. Ne3 Rh6 0-1

[Event "3. Campeonato de la Unión Europea"]
[Site "Arvier ITA"]
[Date "2007.06.21"]
[Round "7.52"]
[White "Varinelli, Sara"]
[Black "Agrest, Anton"]
[Result "1-0"]
[WhiteElo "1694"]
[BlackElo "1350"]
[PlyCount "109"]
[EventDate "2007.06.15"]
[EventType "swiss"]
[EventRounds "10"]
[EventCountry "ITA"]
[Source "lmi"]
[SourceDate "2007.06.15"]

1. e4 e5 2. Nf3 Nc6 3. d4 exd4 4. Nxd4 Nxd4 5. Qxd4 c5 6. Qe5+ Qe7 7. Qxe7+
Nxe7 8. Be3 Nc6 9. c3 Be7 10. Nd2 O-O 11. O-O-O Re8 12. f3 a6 13. Nc4 Rd8 14.
Nb6 Rb8 15. Be2 d6 16. Nxc8 Rbxc8 17. Rd5 Ne5 18. Rhd1 h6 19. Bf4 f6 20. Bg3
Ng6 21. Bxd6 Bxd6 22. Rxd6 Rxd6 23. Rxd6 Nf4 24. Bc4+ Kh7 25. g3 Ng6 26. Rb6
Rb8 27. Bxa6 Ne5 28. f4 Nd7 29. Rxb7 Rxb7 30. Bxb7 Kg6 31. a4 Kh5 32. h3 g5 33.
fxg5 hxg5 34. a5 g4 35. hxg4+ Kxg4 36. a6 Kxg3 37. a7 Nb6 38. a8=Q Nxa8 39.
Bxa8 Kf4 40. Kd2 f5 41. exf5 Kxf5 42. Ke3 Ke5 43. Bb7 Kd6 44. Kd3 Kc7 45. Bd5
Kb6 46. Kc4 Ka5 47. Kxc5 Ka4 48. b4 Ka3 49. b5 Ka4 50. b6 Ka3 51. b7 Kb2 52.
b8=Q+ Ka1 53. Be4 Ka2 54. Kc4 Ka1 55. Qb1# 1-0

[Event "3. Campeonato de la Unión Europea"]
[Site "Arvier ITA"]
[Date "2007.06.21"]
[Round "7.55"]
[White "Garofalo, Sergio"]
[Black "Renzini, Lorenzo"]
[Result "1-0"]
[WhiteElo "1812"]
[BlackElo "1839"]
[PlyCount "123"]
[EventDate "2007.06.15"]
[EventType "swiss"]
[EventRounds "10"]
[EventCountry "ITA"]
[Source "lmi"]
[SourceDate "2007.06.15"]

1. d4 Nf6 2. Nf3 g6 3. g3 Bg7 4. Bg2 d5 5. O-O c6 6. Nbd2 Nbd7 7. Re1 O-O 8. e4
dxe4 9. Nxe4 Nxe4 10. Rxe4 Nf6 11. Re1 Bf5 12. Nh4 Be6 13. Be3 Bd5 14. f3 Be6
15. Bf1 Nd5 16. Bf2 Qc7 17. c4 Nf6 18. Ng2 Rad8 19. Qa4 b6 20. Be3 Nh5 21. g4
Nf6 22. Rac1 Qb7 23. Red1 b5 24. Qa5 bxc4 25. Bxc4 Bxc4 26. Rxc4 Nd5 27. Bf2
Nb6 28. Rc2 e5 29. Qe1 exd4 30. Qe4 Qd7 31. Qxc6 d3 32. Qxd7 Rxd7 33. Rcd2 Rfd8
34. Ne1 Nc4 35. Rxd3 Rxd3 36. Rxd3 Rxd3 37. Nxd3 a6 38. b3 Nd6 39. Bb6 Bc3 40.
a4 a5 41. Kf2 Kg7 42. Ke3 Kf6 43. Bd4+ Bxd4+ 44. Kxd4 Ke6 45. Kc5 Kd7 46. Kb6
f5 47. Kxa5 Kc6 48. b4 Kb7 49. Ne5 fxg4 50. fxg4 Ne4 51. b5 Nf6 52. Kb4 Nd5+
53. Kc5 Nf6 54. a5 Ne4+ 55. Kd4 Nd6 56. a6+ Ka7 57. Kc5 Nc8 58. Nc6+ Ka8 59. b6
Nxb6 60. Kxb6 h5 61. Ne7 hxg4 62. Nd5 1-0

[Event "3. Campeonato de la Unión Europea"]
[Site "Arvier ITA"]
[Date "2007.06.22"]
[Round "8.1"]
[White "Baburin, Alexander"]
[Black "Sedlak, Nikola"]
[Result "0-1"]
[WhiteElo "2545"]
[BlackElo "2575"]
[PlyCount "78"]
[EventDate "2007.06.15"]
[EventType "swiss"]
[EventRounds "10"]
[EventCountry "ITA"]
[Source "lmi"]
[SourceDate "2007.06.15"]

1. d4 f5 2. g3 Nf6 3. Bg2 e6 4. Nf3 d5 5. O-O Bd6 6. c4 c6 7. b3 Qe7 8. Bb2 O-O
9. Nbd2 b6 10. Ne5 Bb7 11. Rc1 a5 12. e3 Na6 13. Qe2 Nc7 14. Rfe1 Ne4 15. Nxe4
fxe4 16. f4 a4 17. Qc2 axb3 18. Qxb3 b5 19. cxb5 cxb5 20. Rc2 Ra4 21. Rec1 Rfa8
22. a3 b4 23. axb4 Ne8 24. Rc5 Bxc5 25. dxc5 d4 26. c6 Rxb4 27. cxb7 Rxb7 28.
Qc2 Ra2 29. Nc4 d3 30. Qc3 Nf6 31. Bh3 Rb5 32. Ba3 Qb7 33. Bxe6+ Kh8 34. Nb6 h5
35. Bxa2 Qxb6 36. Qc8+ Kh7 37. Rc5 d2 38. Bb3 Rxc5 39. Qxc5 Qxb3 0-1

[Event "3. Campeonato de la Unión Europea"]
[Site "Arvier ITA"]
[Date "2007.06.22"]
[Round "8.2"]
[White "Brunello, Sabino"]
[Black "Agrest, Evgenij"]
[Result "1/2-1/2"]
[WhiteElo "2454"]
[BlackElo "2561"]
[PlyCount "67"]
[EventDate "2007.06.15"]
[EventType "swiss"]
[EventRounds "10"]
[EventCountry "ITA"]
[Source "lmi"]
[SourceDate "2007.06.15"]

1. e4 c5 2. Nf3 d6 3. d4 Nf6 4. Nc3 cxd4 5. Nxd4 g6 6. Be3 Bg7 7. f3 a6 8. Qd2
Nbd7 9. Bh6 Bxh6 10. Qxh6 b5 11. a4 Qb6 12. Nb3 b4 13. a5 Qc7 14. Na4 Rb8 15.
Bd3 Qa7 16. Ke2 g5 17. h4 g4 18. Qe3 gxf3+ 19. gxf3 Qc7 20. Rag1 Rf8 21. Rg5 h6
22. Rgg1 Rh8 23. h5 d5 24. Nac5 dxe4 25. Nxe4 Nxe4 26. Bxe4 Rb5 27. Kd1 Re5 28.
Qd4 Rf8 29. Kc1 Qd6 30. Qc4 Nc5 31. Rd1 Qc7 32. Nxc5 Rxc5 33. Qxb4 f5 34. Bd3
1/2-1/2

[Event "3. Campeonato de la Unión Europea"]
[Site "Arvier ITA"]
[Date "2007.06.22"]
[Round "8.3"]
[White "Godena, Michele"]
[Black "Likavsky, Tomas"]
[Result "1-0"]
[WhiteElo "2558"]
[BlackElo "2485"]
[PlyCount "57"]
[EventDate "2007.06.15"]
[EventType "swiss"]
[EventRounds "10"]
[EventCountry "ITA"]
[Source "lmi"]
[SourceDate "2007.06.15"]

1. e4 c5 2. c3 d5 3. exd5 Qxd5 4. d4 Nf6 5. Nf3 e6 6. Be2 Nc6 7. O-O cxd4 8.
cxd4 Be7 9. Nc3 Qd6 10. Nb5 Qd8 11. Bf4 Nd5 12. Bg3 O-O 13. Bc4 a6 14. Bxd5
exd5 15. Nc7 Rb8 16. Ne5 Nxe5 17. Bxe5 f6 18. Bg3 Bd6 19. Rc1 Rf7 20. Bxd6 Qxd6
21. Re1 Bf5 22. Qb3 Be4 23. Qg3 Rd7 24. Ne6 Qxg3 25. hxg3 Bf5 26. Nc5 Rc7 27.
Rc3 Rd8 28. f3 Kf7 29. Ne6 1-0

[Event "3. Campeonato de la Unión Europea"]
[Site "Arvier ITA"]
[Date "2007.06.22"]
[Round "8.4"]
[White "Borgo, Giulio"]
[Black "Luther, Thomas"]
[Result "0-1"]
[WhiteElo "2418"]
[BlackElo "2586"]
[PlyCount "162"]
[EventDate "2007.06.15"]
[EventType "swiss"]
[EventRounds "10"]
[EventCountry "ITA"]
[Source "lmi"]
[SourceDate "2007.06.15"]

1. e4 e6 2. d4 d5 3. Nd2 c5 4. exd5 exd5 5. Ngf3 Nf6 6. Bb5+ Bd7 7. Qe2+ Be7 8.
dxc5 O-O 9. Nb3 Re8 10. Be3 a6 11. Bd3 Ba4 12. Nfd4 Bxb3 13. Nxb3 Nbd7 14. O-O
Nxc5 15. Qd1 Qc7 16. h3 Rad8 17. c3 Nfe4 18. Bc2 Na4 19. Rb1 Nb6 20. Nd2 Bc5
21. Bxc5 Qxc5 22. Nb3 Qc7 23. Re1 Nc4 24. Re2 g6 25. Qe1 Nf6 26. Bd3 Kg7 27.
Nd4 Rxe2 28. Qxe2 Re8 29. Qc2 Qd6 30. Qc1 Ne4 31. Bxe4 dxe4 32. b3 Ne5 33. Qe3
Nd7 34. Rd1 Qe5 35. Ne2 Qe7 36. Qd4+ Nf6 37. Qd6 e3 38. f3 b5 39. Qxe7 Rxe7 40.
Kf1 h5 41. Rd6 h4 42. Nf4 Re5 43. Ke1 g5 44. Ne2 a5 45. Rd4 Rc5 46. c4 bxc4 47.
bxc4 Rc8 48. Kd1 Nh5 49. f4 f6 50. fxg5 fxg5 51. Kc2 Rf8 52. c5 Nf6 53. Kd3 Rc8
54. Rc4 Nd5 55. Ke4 Nb4 56. a3 Re8+ 57. Kd4 Nc6+ 58. Kd5 Ne7+ 59. Ke6 Ng6+ 60.
Kd7 Kf7 61. Rc2 Ne5+ 62. Kd6 Kf6 63. Kc7 Kf5 64. Kb6 Ke4 65. Nc1 Kd5 66. Kxa5
Rb8 67. Rc3 Nc4+ 68. Ka6 Kxc5 69. Nb3+ Kd5 70. Rd3+ Ke5 71. Nc1 Rb6+ 72. Ka7
Rb1 73. Rc3 Kd5 74. Rd3+ Ke4 75. Rc3 Nxa3 76. Ka6 Rxc1 77. Rxc1 e2 78. Kb6 Nc2
79. Rxc2 e1=Q 80. Rc4+ Ke3 81. Rg4 Kf2 0-1

[Event "3. Campeonato de la Unión Europea"]
[Site "Arvier ITA"]
[Date "2007.06.22"]
[Round "8.5"]
[White "Vocaturo, Daniele"]
[Black "Sulava, Nenad"]
[Result "0-1"]
[WhiteElo "2450"]
[BlackElo "2549"]
[PlyCount "64"]
[EventDate "2007.06.15"]
[EventType "swiss"]
[EventRounds "10"]
[EventCountry "ITA"]
[Source "lmi"]
[SourceDate "2007.06.15"]

1. e4 c5 2. Nf3 e6 3. d4 cxd4 4. Nxd4 a6 5. c4 Nf6 6. Nc3 Qc7 7. Qe2 Nc6 8.
Nxc6 dxc6 9. e5 Nd7 10. f4 b5 11. g3 Nb6 12. b3 bxc4 13. bxc4 Bb4 14. Bd2 O-O
15. Ne4 a5 16. Bg2 Ba6 17. Bxb4 axb4 18. Rc1 Nxc4 19. Rxc4 Qa7 20. Nd6 Bxc4 21.
Nxc4 Qd4 22. Be4 Rxa2 23. Bxh7+ Kxh7 24. Qxa2 Qe4+ 25. Kf2 Qxh1 26. Ke3 Qc1+
27. Kf3 Qd1+ 28. Ke3 b3 29. Qa3 Kg8 30. h4 Qe1+ 31. Kd4 Rd8+ 32. Nd6 Qd2+ 0-1